000 00869nam a22002417a 4500
999 _c1764
_d1764
003 AR-CdUCM
008 190227b ||||| |||| 00| 0 spa d
040 _aMUNICIPALIDAD PROVINCIAL DEL CUSCO
_cBIBLIOTECA MUNICIPAL DEL CUSCO
082 _a869.56 /
_bAT85
100 _aAtahuallpa Rodriguez, César
_96479
245 _aLos Ultimos Versos /
_cAtahuallpa Rodriguez, César
260 _aArequipa :
_bEditorial Universitaria,
_c1972.
300 _a169 paginas ;
_bilustraciones ,
_c25cm.
500 _aUltimos versos -poesias
650 _aPoesía Peruana
_92266
650 _aLiteratura - Perú
_96480
650 _aPerú - Poetas
_96481
650 _aCasar Atahuallpa Rodriguez - Poemas
_96482
700 _aNuñez Ureta, Teodoro (Carátula)
_96483
700 _aBustamante y Rivero, José Luis (Prólogo)
_96484
942 _2ddc
_cLIBROS
945 _apjha
_d2019-02-27